| 000 | 00659nam a22001817a 4500 | ||
|---|---|---|---|
| 003 | OSt | ||
| 005 | 20250307093508.0 | ||
| 008 | 250307b |||||||| |||| 00| 0 eng d | ||
| 041 | _aEnglish | ||
| 082 | _aPM/MH/22 Acc. No. 10,889 | ||
| 100 | _aOFORI-Atta Ken | ||
| 110 | _aMinistry Of Finance | ||
| 245 | _aRequest For Approval For Waivers Of Customs Duties, Taxes And Levies On Materials And Equipment And Services For The Development Of The Meridien Hotel By 4-Mac LTD | ||
| 260 |
_aAccra _bParliament Of Ghana _c13th July, 2022 |
||
| 300 | _a138P; Tabs; Map; Pics; Diag | ||
| 650 | _2Development Of The Meridien Hotel By 4-Mac LTD | ||
| 942 |
_2ddc _cMOU _n0 |
||
| 999 |
_c5123 _d5123 |
||